| 000 | 00466nam a2200181Ia 4500 | ||
|---|---|---|---|
| 008 | 230711s9999||||xx |||||||||||||| ||und|| | ||
| 020 | _a978-81-7671-063-3 | ||
| 041 | _aENG | ||
| 082 |
_a671 _bGH-M |
||
| 100 | _aGhosh,Amitabha | ||
| 245 | 0 | _aManufacturing science | |
| 250 | _a2nd | ||
| 260 |
_c2010 _aNew Delhi _bEWP(Affiliated East-West Press Private Limited) |
||
| 300 | _a496 | ||
| 650 | _aMechanical Engineering | ||
| 700 | _aMallik,Asok Kumar | ||
| 942 | _cBK | ||
| 999 |
_c931 _d931 |
||